| 000 | 00971nam a22002297a 4500 | ||
|---|---|---|---|
| 005 | 2009111306196.0 | ||
| 008 | 091113t xxu||||| |||| 00| 0 eng d | ||
| 010 | _aENG-95434 | ||
| 020 |
_a819036345X _c295.00 |
||
| 035 | _aEN-78967 | ||
| 037 | _bDBAD/PUB | ||
| 040 | _aDPL | ||
| 100 | _aPearon, Harlan O. | ||
| 245 |
_aIslamic reform and revival in nineteenth-century India _cby Harlan O. Pearson _bThe Tarigah-i Muhammadiyah |
||
| 260 |
_aNew Delhi _bYoda Press _c2008 |
||
| 270 |
_a35-A/1, Shahpur Jat _bNew Delhi _e110049 |
||
| 300 |
_a266p _c22 cm.(Pbk) |
||
| 856 | _uhttp://www.loc.gov/catdir/toc/ecip0721/2007025342.html | ||
| 942 |
_2ddc _cEN _mPER |
||
| 999 |
_c31760 _d31760 |
||